000 00888nam a2200265Ia 4500
003 OSt
005 20220923211257.0
006 a|||||r|||| 00| 0
007 ta
008 220922b |||||||| |||| 00| 0 pan d
020 _a9788178838694 (hbk)
_c200
024 _a349,365
037 _b174, 15/02/2019, National Book Shop
_cTextual
040 _aARTS
_cARTS
_bpan
041 _2pan
_apan
082 _aO153,1N54x, Q2
100 _aਦੀਦ, ਜਸਵੰਤ, ਂਚ.
245 0 _aਆਵਾਗਵਣੁ
260 _aਲੁਧਿਆਨਾ
_b ਚੇਤਨਾ ਪ੍ਰਕਾFਨ
_c2012
300 _a152ਪ੍ਰ0
_ccm.
650 _a ਪੰਜਾਬੀ ਕਾਵਿ
650 _aਪੰਜਾਬੀ ਸਾਹਿਤ
942 _hO153,1N54x, Q2
_cTEXL
_2CC
999 _c298057
_d298057